Statistics for City Name Puzzle

Click here to take the quiz!

General Stats

  • This quiz has been taken 58 times
  • The average score is 23 of 27

Answer Stats

PuzzleCity% Correct
Buddha pestBudapest
100%
dub LynnDublin
100%
moss cowMoscow
100%
pair isParis
100%
knew dell heNew Delhi
98%
son Francis goSan Francisco
98%
war sowWarsaw
98%
encore ageAnchorage
96%
crack ow!Kraków
96%
nieceNice
96%
bore doughBordeaux
94%
buck arrestBucharest
94%
ant verbAntwerp
92%
lie ownLyon
92%
Mars sayMarseille
90%
to loseToulouse
90%
say YuleSeoul
88%
see a tellSeattle
84%
adding borrowEdinburgh
82%
tell a whiffTel Aviv
80%
Tess alone ickyThessaloniki
80%
cheesy nowChișinău
76%
meddle inMedellín
75%
you treckedUtrecht
71%
quad all a hurrahGuadalajara
69%
µ NickMunich
67%
brush offBrașov
12%

Score Distribution

Percentile by Number Answered

Percent of People with Each Score

Your Score History

You have not taken this quiz